IP convergence : (Record no. 175715)

000 -LEADER
fixed length control field 01305 a2200253 4500
003 - CONTROL NUMBER IDENTIFIER
control field Nust
005 - DATE AND TIME OF LATEST TRANSACTION
control field 20220817124716.0
010 ## - LIBRARY OF CONGRESS CONTROL NUMBER
LC control number 99045837
020 ## - INTERNATIONAL STANDARD BOOK NUMBER
International Standard Book Number 1580530125 (alk. paper)
020 ## - INTERNATIONAL STANDARD BOOK NUMBER
International Standard Book Number 1580532012 (electronic bk.)
040 ## - CATALOGING SOURCE
Transcribing agency Nust
082 00 - DEWEY DECIMAL CLASSIFICATION NUMBER
Classification number 621.38212,MUL
100 1# - MAIN ENTRY--PERSONAL NAME
Personal name Muller, Nathan J.
9 (RLIN) 94455
245 10 - TITLE STATEMENT
Title IP convergence :
Remainder of title the next revolution in telecommunications /
Statement of responsibility, etc. Nathan J. Muller.
260 ## - PUBLICATION, DISTRIBUTION, ETC.
Place of publication, distribution, etc. Boston :
Name of publisher, distributor, etc. Artech House,
Date of publication, distribution, etc. c2000.
300 ## - PHYSICAL DESCRIPTION
Extent xix, 477 p. :
Other physical details ill. ;
Dimensions 24 cm.
440 #0 - SERIES STATEMENT/ADDED ENTRY--TITLE
Title Artech House telecommunications library
9 (RLIN) 94181
505 ## - FORMATTED CONTENTS NOTE
Formatted contents note The Once and Future Protocol I (Page-1), The Concept and Ramifications of IP Telephony (Page-49),Value-added Application: The Internet Call Center (Page-93), Infrastructure for Voice Data Convergence (Page-143), Voice Data Convergence in the Home and on the Road (Page-199), Next generation Networks (Page-243), Third Generation Wireless Networks (Page-279), Convergence via Multiservice Internetworking (Page-319), Current Regulatory Environment (Page-351),
650 #0 - SUBJECT ADDED ENTRY--TOPICAL TERM
Topical term or geographic name entry element Convergence (Telecommunication)
9 (RLIN) 97097
650 #0 - SUBJECT ADDED ENTRY--TOPICAL TERM
Topical term or geographic name entry element TCP/IP (Computer network protocol)
9 (RLIN) 24824
650 #0 - SUBJECT ADDED ENTRY--TOPICAL TERM
Topical term or geographic name entry element Telecommunication engineering
856 41 - ELECTRONIC LOCATION AND ACCESS
Uniform Resource Identifier <a href="http://www.netLibrary.com/urlapi.asp?action=summary&v=1&bookid=40323">http://www.netLibrary.com/urlapi.asp?action=summary&v=1&bookid=40323</a>
942 ## - ADDED ENTRY ELEMENTS (KOHA)
Koha item type Reference
Source of classification or shelving scheme
Holdings
Withdrawn status Lost status Source of classification or shelving scheme Damaged status Not for loan Permanent Location Current Location Shelving location Date acquired Full call number Barcode Date last seen Price effective from Koha item type Public note
          Military College of Signals (MCS) Military College of Signals (MCS) Reference 12/12/2016 621.38212,MUL MCS28321 12/08/2016 12/12/2016 Reference Almirah No.22, Shelf No.3
© 2023 Central Library, National University of Sciences and Technology. All Rights Reserved.